Monitoring and Camparing The Formaldehyde Concentration Over Islamabad and Pir Sohawa Valley By Exploiting Max-Bosa Satellite Observations (Record no. 329922)
[ view plain ]
| 000 -LEADER | |
|---|---|
| fixed length control field | nam a22 7a 4500 |
| 003 - CONTROL NUMBER IDENTIFIER | |
| control field | NUST |
| 005 - DATE AND TIME OF LATEST TRANSACTION | |
| control field | 20170531124834.0 |
| 008 - FIXED-LENGTH DATA ELEMENTS--GENERAL INFORMATION | |
| fixed length control field | 170531b xxu||||| |||| 00| 0 eng d |
| 040 ## - CATALOGING SOURCE | |
| Transcribing agency | 0 |
| 050 ## - LIBRARY OF CONGRESS CALL NUMBER | |
| Classification number | 363.7 KHA |
| 082 ## - DEWEY DECIMAL CLASSIFICATION NUMBER | |
| Classification number | 363.7 KHA |
| 100 ## - MAIN ENTRY--PERSONAL NAME | |
| Personal name | Khan,Waqas Ahmed |
| 9 (RLIN) | 1730 |
| 245 ## - TITLE STATEMENT | |
| Title | Monitoring and Camparing The Formaldehyde Concentration Over Islamabad and Pir Sohawa Valley By Exploiting Max-Bosa Satellite Observations |
| Statement of responsibility, etc. | Waqas Ahmed Khan |
| 260 ## - PUBLICATION, DISTRIBUTION, ETC. | |
| Place of publication, distribution, etc. | Islamabad |
| Name of publisher, distributor, etc. | IESE (SCEE) NUST |
| Date of publication, distribution, etc. | 2016 |
| 300 ## - PHYSICAL DESCRIPTION | |
| Extent | 50p. |
| Other physical details | H.B |
| 440 ## - SERIES STATEMENT/ADDED ENTRY--TITLE | |
| Title | MS Environmental Science |
| 9 (RLIN) | 1724 |
| 500 ## - GENERAL NOTE | |
| General note | Thesis MS ES |
| 650 ## - SUBJECT ADDED ENTRY--TOPICAL TERM | |
| Topical term or geographic name entry element | Environmental Science |
| 9 (RLIN) | 1725 |
| 700 ## - ADDED ENTRY--PERSONAL NAME | |
| Relator code | Dr. M Fahim Khokhar (Supervisor) |
| 942 ## - ADDED ENTRY ELEMENTS (KOHA) | |
| Source of classification or shelving scheme | |
| Koha item type | Thesis |
| Call number prefix | IESE |
| Withdrawn status | Lost status | Source of classification or shelving scheme | Damaged status | Not for loan | Collection code | Permanent Location | Current Location | Shelving location | Date acquired | Total Checkouts | Full call number | Barcode | Date last seen | Price effective from | Koha item type |
|---|---|---|---|---|---|---|---|---|---|---|---|---|---|---|---|
| Not For Loan | Institute of Environmental Science and Engineering (IESE) | Institute of Environmental Science and Engineering (IESE) | Thesis | 05/31/2017 | 363.7 KHA | IESE-T-440 | 05/31/2017 | 05/31/2017 | Thesis |
